01235cam a2200337 a 45000010005000000030006000050050017000110080041000280100017000690200017000860200018001030400023001210500014001440820008001581000025001662450077001912600035002683000059003034400027003625050007003895200175003965210018005715210018005896500019006076500031006267000035006579060045006929420015007379990015007529520130007675597FISKH20241219144816.0910501s1992 nyua j 000 1 eng  a 91018860  a0590449729 : a9780590449724 aDLCcDLCdDLCbeng aPZ7.N1345 a5431 aNagel, Karen Berman.10aTwo crazy pigs /cby Karen Berman Nagel ; illustrated by Brian Schatell. aNew York :bScholastic,c1992. a30 unnumbered pages ; bcolor illustrations ; c23 cm  0aHello reader!nLevel 2 aK  aTwo pigs who drive the farmer and his wife crazy with their silliness and pranks decide to move to a new farm, only to be missed by all the other animals when they leave.8 a510 bLexile 8 aK bRaz-Plus  1aPigsxFiction. 1aDomestic animalsxFiction.1 aSchatell, Brian,eillustrator  a7bcbccorignewd1eocipf19gy-gencatlg 2ddccBKn0 c5597d5597 00102ddc40708JUVFa001b001cTK Yellowd2024-12-19l0oNAG 543 PZ7.N1345pFISBK02746r2024-12-19 14:48:12w2024-12-19yBK